A handbook on the swamp flora of Panisular Malaysia

Bibliographic Details
Main Author: Faridah Hanum
Other Authors: Khali Aziz Hamzah, Shamsul Khamis
Format: Book
Published: Kepong, Selangor : Peat Swamp Forest Project UNDP/GEF Funded , 2005
Series:PSF Technical Series no. 3
Subjects:

MARC

LEADER 00000cam a2200000 7i4500
001 0000003410
005 20051221.0
020 0 0 |a 9834187742 
090 0 0 |a 557.68095951   |b FAR 
100 1 0 |a Faridah Hanum 
245 1 0 |a A handbook on the swamp flora of Panisular Malaysia   |c Faridah Hanum [et al.] 
260 0 0 |a Kepong, Selangor :   |b Peat Swamp Forest Project UNDP/GEF Funded ,   |c 2005 
300 |a xiii, 251 p. :   |b col. ill. ;   |c 18 cm. 
440 0 0 |a PSF Technical Series no. 3 
650 0 0 |a Swamp ecology   |z Malaysia   |x Handbooks, manuals, etc 
650 0 0 |a Swamp plant   |z Malaysia   |x Handbooks, manual, etc. 
650 0 0 |a Wetland plants   |z Malaysia   |x Handbooks, manuals, etc. 
700 1 1 |a Khali Aziz Hamzah 
700 1 1 |a Shamsul Khamis 
999 |a 000006440   |b Monograph   |c Open Shelf   |e Default branch